00385cam a22001217a 4500008004000000020001500040082001600055100002600071245007600097260004000173300001000213650004000223180718b2010 xxu||||| |||| 00| 0 eng d a0198065477 aT1x54 B182e aBalakrishnan, Pulapre aEconomic growth in India: history and prospectcby Pulapre Balakrishnan aNew DelhibOxford Univ. Pressc2010 a289p. aIndia --Economic conditions --1947-